Detalles MARC
| 000 -LIDER |
| fixed length control field |
02112nam a2200349 a 4500 |
| 001 - NÚMERO DE CONTROL |
| Identificador de número de control |
|
| 003 - IDENTIFICACDOR DE NÚMERO DE CONTROL |
| control field |
DO-SdBNP |
| 005 - DATE AND TIME OF LATEST TRANSACTION |
| control field |
20211110083441.0 |
| 008 - ELEMENTOS DE LONGITUD FIJA |
| fixed length control field |
081029s2007 dr 000 0 spa d |
| 020 ## - ISBN |
| International Standard Book Number |
9945160508 |
| 020 ## - ISBN |
| International Standard Book Number |
9789945160505 |
| 040 ## - FUENTE DE CATALOGACIÓN |
| Agencia que crea de manera original el registro |
DO-SdBNP |
| Idioma de catalogación |
spa |
| Agencia que realiza la transcripción |
BPMSU |
| 082 ## - NÚMERO DE CLASIFICACIÓN DECIMAL DE DEWEY |
| Classification number |
972.93054 |
| Item number |
C343o, 2007 |
| Edition number |
22 |
| 100 1# - ASIENTO PRINCIPAL -- NOMBRE PERSONAL |
| Nombre personal |
Cassá, Roberto, 1948- |
| 245 14 - MENCIÓN DE TITULO |
| Título |
Los orígenes del Movimiento 14 de Junio : |
| Subtítulo |
la izquierda dominicana / |
| Mención de responsabilidad |
Roberto Cassá. |
| 250 ## - MENCIÓN DE EDICION |
| Mención de edición |
2a ed. |
| 260 ## - PUBLICACIÓN, DISTRIBUCIÓN, ETC. (PIE DE IMPRENTA) |
| Lugar de publicación, distribución, etc |
Santo Domingo : |
| Nombre del editor, distribuidor, etc. |
Comisión Permanente de Efemérides Patrias, |
| Fecha de publicación, distribución, etc |
2007. |
| 300 ## - DESCRIPCIÓN FÍSICA |
| Extensión |
446 p. ; |
| Dimensiones |
23 cm. |
| 490 0# - MENCIÓN DE SERIES |
| Mención de serie |
Publicaciones de la Universidad Autónoma de Santo Domingo |
| -- |
Historia y sociedad |
| Volume/sequential designation |
22 |
| 500 ## - NOTA GENERAL |
| Nota general |
Incluye datos biográficos del autor en las solapas |
| 500 ## - NOTA GENERAL |
| Nota general |
Incluye referencias bibliográficas y notas al pie de las páginas |
| 505 1# - NOTA DE CONTENIDO |
| Título |
Introducción -- |
| -- |
Generalidades de la izquierda dominicana -- |
| -- |
La juventud democrática y otros núcleos clandestinos en los años cincuenta -- |
| -- |
Surgimiento del Movimiento 14 de Junio -- |
| -- |
La distribución territorial en el Cibao -- |
| -- |
El proceso en la Banda Sur -- |
| -- |
La culminación del Movimiento -- |
| -- |
Hacia la caída del trujillato -- |
| -- |
La llegada del Movimiento Popular Dominicano -- |
| -- |
Anexo I. Lista de miembros de la Juventud Democrática Clandestina -- |
| -- |
Anexo II. Miembros del Movimiento Revolucionario 14 de Junio que entregaron declaraciones escritas a la justicia -- |
| -- |
Anexo III. Agrupaciones de los miembros del 1J4 que aparecen en el anexo II, según diversas variables -- |
| -- |
Apéndice. Política y sujeto político -- |
| -- |
Bibliografía y fuentes: |
| -- |
Obras generales ; |
| -- |
Documentación ; |
| -- |
Obras temáticas ; |
| -- |
Publicaciones periódicas ; |
| -- |
Entrevistas y comuniciones orales. |
| 590 ## - NOTA LOCAL |
| Enlace |
Inventariado, 2021/VM |
| 610 #4 - ENCABEZAMIENTO DE MATERIA--NOMBRE CORPORATIVO |
| Nombre corporativo o de jurisdicción |
Movimiento Revolucionario 14 de Junio (República Dominicana) |
| 650 14 - ENCABEZAMIENTO DE MATERIA--TEMÁTICO |
| Término temático o nombre geográfico como elemento de entrada |
Actividades clandestinas |
| 650 14 - ENCABEZAMIENTO DE MATERIA--TEMÁTICO |
| Término temático o nombre geográfico como elemento de entrada |
Movimientos revolucionarios |
| 651 14 - ENCABEZAMIENTO DE MATERIA--NOMBRE GEOGRÁFICO |
| Nombre geográfico |
República Dominicana |
| Subdivisión temática general |
Historia |
| Subdivisión cronológica |
Era de Trujillo, 1930-1961 |
| 700 1# - ASIENTO SECUNDARIO -- NOMBRE PERSONAL |
| Nombre personal |
Ortiz, Dantes |
| 700 1# - ASIENTO SECUNDARIO -- NOMBRE PERSONAL |
| Nombre personal |
Figueroa, Rosa |
| 910 ## - VALIDACIÓN |
| Validación |
VMateo V. |
| 942 ## - ADDED ENTRY ELEMENTS (KOHA) |
| Source of classification or shelving scheme |
Dewey Decimal Classification |
| Koha item type |
Libros |